000 00348nam a2200169Ia 4500
100 _aRosenzweig/Phil
650 _aGeneral
942 _cBK
366 _f20
654 _abrain
245 _aLeft Brain Right Stuff
260 _bProfile Books
_c2014
082 _a808.83
_bROS
300 _a322
546 _aENGLISH
_cComputers
999 _c24782
_d24782